Loading...
| Ancient History and Archaeology | 2 | 25.00 | 100% | 50% | 100% |
| Beliefs | 10 | 13.00 | 50% | 40% | 40% |
| Current Events | 2 | 25.00 | 100% | 100% | 50% |
| Fine Arts - Auditory | 6 | 13.33 | 33% | 50% | 50% |
| Fine Arts - Visual | 5 | 16.00 | 40% | 20% | 100% |
| Geography | 2 | 15.00 | 100% | 50% | 0% |
| History - American | 5 | 14.00 | 40% | 100% | 0% |
| History - European | 3 | 13.33 | 33% | 33% | 67% |
| History - World | 2 | 15.00 | 100% | 50% | 0% |
| Literature - American | 3 | 10.00 | 67% | 33% | 0% |
| Literature - British | 2 | 15.00 | 50% | 50% | 50% |
| Literature - European | 5 | 8.00 | 20% | 20% | 40% |
| Other Academic | 2 | 15.00 | 0% | 100% | 50% |
| Other Arts: Auditory | 1 | 10.00 | 0% | 0% | 100% |
| Other Arts: Visual | 3 | 16.67 | 0% | 67% | 100% |
| Other Science: Astronomy | 1 | 10.00 | 0% | 100% | 0% |
| Other Science: Computer Science | 1 | 10.00 | 100% | 0% | 0% |
| Other Science: Earth Science | 2 | 20.00 | 50% | 100% | 50% |
| Philosophy | 3 | 13.33 | 67% | 33% | 33% |
| Science - Biology | 5 | 12.00 | 40% | 60% | 20% |
| Science - Chemistry | 2 | 10.00 | 0% | 50% | 50% |
| Science - Physics | 3 | 10.00 | 0% | 33% | 67% |
| Social Science | 4 | 15.00 | 50% | 50% | 50% |
| World and Other Literature | 6 | 16.67 | 50% | 33% | 83% |